书目信息 |
| 题名: |
欧洲联合起来
|
|
| 作者: | 温斯顿 著 ;本馆翻译组 译 | |
| 分册: | 1947-1948年的讲演集 | |
| 出版信息: | 北京 商务印书馆 1977 |
|
| 页数: | 341页 | |
| 开本: | 21m | |
| 丛书名: | ||
| 单 册: | ||
| 中图分类: | D51 | |
| 科图分类: | ||
| 主题词: | 国际政治 | |
| 电子资源: | ||
| ISBN: | ||
| 000 | 00620nam0 2200205 450 | |
| 001 | 0657414484 | |
| 005 | 20060724080930.71 | |
| 010 | @dCNY1.00 | |
| 100 | @a20060719d1977 km y0chiy0120 ea | |
| 101 | 0 | @achi |
| 102 | @aCN@b110000 | |
| 200 | 1 | @a欧洲联合起来@h1947-1948年的讲演集@Aou zhou lian he qi lai@f(英)温斯顿著@F(ying)wen si dun zhu@g本馆翻译组译@Gben guan fan yi zu yi |
| 210 | @a北京@c商务印书馆@d1977 | |
| 215 | @a341页@d21m | |
| 606 | 0 | @a国际政治 |
| 690 | @aD51@v3 | |
| 701 | 0 | @a温斯顿@Awen si dun@4著 |
| 702 | 0 | @a本馆翻译组@Aben guan fan yi zu@4译 |
| 801 | 0 | @aCN@bPFT@c20060724 |
| 905 | @a10447@dD51@e113 | |
| 欧洲联合起来.1947-1948年的讲演集/(英)温斯顿著/本馆翻译组译.-北京:商务印书馆,1977 |
| 341页;21m |
| ISBN :CNY1.00 |
| ● |
| 相关链接 |
|
|
|
|
正题名:欧洲联合起来
索取号:D51/113
 
预约/预借
| 序号 | 登录号 | 条形码 | 馆藏地/架位号 | 状态 | 备注 |
| 1 | 0424393 | 204243933 | 密集书库/ [索取号:D51/113] | 在馆 |